000 00965nas a2200301 4500
001 BR2010005585
003 BR-BrBNA
005 20231205114819.0
007 ta
008 230509b bl.|||p| |||| 00| 00por d
040 _aBR-BrBNA
_bpor
_cBiblioteca Nacional de Agricultura
041 _a(Pt)
072 _aL02
100 1 _aDuarte, F.D.
100 1 _aLara, L.J.C.
100 1 _aBaião, N.C.
100 1 _aCançado, S.V.
100 1 _aTeixeira, J.L.
245 1 _aEfeito da inclusão de diferentes fontes lipídicas em dietas para frangos de corte sobre o desempenho, rendimento e composição da carcaça
650 _aFRANGO DE CORTE
650 _aCARCAÇA
650 _aRAÇÃO
650 _aRENDIMENTO
650 _aLIPÍDIO
773 0 _tArquivo Brasileiro de Medicina Veterinária e Zootecnia (Brazil)
_xISSN 0102-0935
_g(Apr 2010), v. 62(2) p. 439-444
_wBR2010005585
909 _a202311
_bLúcia
_c55
_dLúcia Elande
942 _2AGRIS
_n0
_cANA
999 _c210631
_d210631